| 000 | 011930000a22002170004500 | ||
|---|---|---|---|
| 001 | 768714001 | ||
| 003 | CO-MdFUSB | ||
| 005 | 20161103153336.0 | ||
| 008 | 161103s1996 sp ||||| |||| 00| 0 eng d | ||
| 022 | _a0014-1437 | ||
| 040 |
_aCO-MdFUSB _cCO-MdFUSB _dCO-MdFUSB _bspa |
||
| 041 | _aeng | ||
| 100 | 1 |
_aDerrett, J. Duncan M. (John Martin) (1922- ) _eautor |
|
| 245 | 1 | 0 |
_aThe Walk to Emmaus (Lc 24:13-35): _bThe Lost Dimension |
| 300 |
_aVolumen 54, número 2 (1996), Páginas 183-193 _c23 cm. |
||
| 520 | _aLucas 24:13-35 se apoya en tres pasajes del Antiguo Testamento: 1) el no reconocimiento de Jesús tiene que ver con Éxodo 33:14 TM, Tg, donde Yavhé se resiste a permitir que su Presencia o Gloria acompañe a la multitud, pero promete “un lugar de descanso” al final; 2) las palabras que oyen los piadosos cristianos y la interpelación de Jesús responden a la promesa de Mal 3:16-17; 3) el banquete con Dios de quienes aceptan la Alianza está prometido en Ex 24:3-7, 9-11 | ||
| 546 | _aTexto en Inglés | ||
| 653 | _aNuevo Testamento -- Lucas | ||
| 773 | 0 |
_tEstudios Bíblicos _049452 _960482 _gVolumen 54, número 2 (1996), Páginas 183-193 _qPáginas 183 |
|
| 942 | _cANA | ||
| 999 |
_c50198 _d50198 |
||